000 00884nas a2200241Ia 4500
001 A01/R004-48797
003 IT-MiCISF
005 20230306143237.0
008 161014c99999999xx |||||||||||| ||und||
040 _aIT-MiCISF
_cIT-MiCISF
041 _ainglese
100 _aGameiro Sofia (et al.)
_959595
245 0 _aSocial Nesting: Changes in Social Network and Support Across the Transition to Parenthood in Couples That Conveived Spontaneously or Through Assisted Reproductive Technologies
250 _a"Journal of Family Psychology", vol. 24, n. 2, aprile
260 _c2010
300 _app. 175-187
500 _agenitorialità, procreazione-artificiale, rapporti-familiari, rapporti-sociali
650 _agenitorialità
_956044
654 _aarticolo
700 _aCanavarro M.C., Moura-Ramos M., Boivin J., Soares I.
_959596
942 _cCR
_2ddc
999 _c251163
_d251163
999 _bSi